[Event "O2C Doeberl Cup 2014"]
[Site "Canberra AUS"]
[Date "2014.04.17"]
[Round "1.2"]
[White "McNamara, Gary"]
[Black "Van Wely, Loek"]
[Result "0-1"]
[BlackTitle "GM"]
[WhiteElo "2108"]
[BlackElo "2685"]
[WhiteFideId "3203425"]
[BlackFideId "1000268"]
[EventDate "2014.04.17"]

1. Nf3 c5 2. g3 g6 3. c4 Bg7 4. Bg2 Nc6 5. Nc3 Nh6 6. e4 d6 7. d3 O-O 8. O-O Ng4
9. h3 Nge5 10. Ne1 Nd4 11. Rb1 Rb8 12. Be3 Nec6 13. f4 b5 14. h4 Qa5 15. f5 bxc4
16. dxc4 Ba6 17. Nd5 Bxc4 18. f6 exf6 19. Nxf6+ Kh8 20. Rf2 Qxa2 21. Nd7 Be2 22.
Ra1 Qxb2 23. Qc1 Qxc1 24. Rxc1 Rb3 0-1

[Event "O2C Doeberl Cup 2014"]
[Site "Canberra AUS"]
[Date "2014.04.17"]
[Round "1.3"]
[White "Melkumyan, Hrant"]
[Black "Luchtmeijer, Anthonie Pieter"]
[Result "1-0"]
[WhiteTitle "GM"]
[WhiteElo "2633"]
[BlackElo "2089"]
[WhiteFideId "13302485"]
[BlackFideId "3202267"]
[EventDate "2014.04.17"]

1. c4 g6 2. Nc3 c5 3. Nf3 Bg7 4. g3 Nc6 5. Bg2 d6 6. d3 h5 7. Bg5 Be6 8. Rb1 Nh6
9. a3 Nf5 10. h4 Qd7 11. Ne4 Rc8 12. O-O Nfd4 13. b4 b6 14. Re1 Bg4 15. Qa4 Bxf3
16. exf3 Ne5 17. Qd1 O-O 18. Be3 e6 19. Bxd4 cxd4 20. f4 Ng4 21. Ng5 d5 22. cxd5
exd5 23. Bh3 Qb5 24. Bxg4 hxg4 25. Qxg4 Qxd3 26. Nxf7 Rc2 27. Rbd1 Rd2 28. Ne5
Bxe5 29. Rxd2 Qxd2 30. Qxg6+ 1-0

[Event "O2C Doeberl Cup 2014"]
[Site "Canberra AUS"]
[Date "2014.04.17"]
[Round "1.4"]
[White "Fancy, Stuart"]
[Black "Vajda, Levente"]
[Result "0-1"]
[WhiteTitle "FM"]
[BlackTitle "GM"]
[WhiteElo "2084"]
[BlackElo "2597"]
[WhiteFideId "9100024"]
[BlackFideId "1203975"]
[EventDate "2014.04.17"]

1. Nc3 d5 2. e4 d4 3. Nce2 c5 4. d3 Nc6 5. f4 h5 6. g3 h4 7. gxh4 Bg4 8. Bg2 e5
9. Qd2 c4 10. dxc4 Bb4 11. c3 Qxh4+ 12. Kf1 dxc3 13. Qe3 Rd8 0-1

[Event "O2C Doeberl Cup 2014"]
[Site "Canberra AUS"]
[Date "2014.04.17"]
[Round "1.5"]
[White "Zhao, Zong-Yuan"]
[Black "Qiu, Mengjie"]
[Result "1-0"]
[WhiteTitle "GM"]
[BlackTitle "WFM"]
[WhiteElo "2573"]
[BlackElo "2083"]
[WhiteFideId "3202534"]
[BlackFideId "8606137"]
[EventDate "2014.04.17"]

1. Nf3 Nf6 2. c4 g6 3. Nc3 d5 4. cxd5 Nxd5 5. e4 Nxc3 6. dxc3 Qxd1+ 7. Kxd1 Bg7
8. Kc2 O-O 9. h4 Bg4 10. h5 Bxh5 11. Nh2 f5 12. Bc4+ Kh8 13. exf5 gxf5 14. Nf3
Bxf3 15. gxf3 Nd7 16. Bf4 Ne5 17. Bb3 Ng6 18. Bxc7 Rac8 19. Rag1 Rxc7 20. Rxg6
Rf6 21. Rxf6 Bxf6 22. Be6 Bg5 23. Rg1 h6 24. Bxf5 e5 25. b4 Kg7 26. Kb3 Kf6 27.
Be4 h5 28. Rd1 Ke6 29. c4 h4 30. c5 Bf4 31. Rd6+ Ke7 32. Bf5 Rc6 33. Rd7+ Kf6
34. Bg4 b6 35. Kc4 a6 36. Kd5 Rc8 1-0

[Event "O2C Doeberl Cup 2014"]
[Site "Canberra AUS"]
[Date "2014.04.17"]
[Round "1.6"]
[White "Stojic, Svetozar"]
[Black "Roy Chowdhury, Saptarshi"]
[Result "1/2-1/2"]
[BlackTitle "GM"]
[WhiteElo "2080"]
[BlackElo "2491"]
[WhiteFideId "3203697"]
[BlackFideId "5002974"]
[EventDate "2014.04.17"]

1. e4 c5 2. Nf3 Nc6 3. d4 cxd4 4. Nxd4 e5 5. Nb5 d6 6. N1c3 a6 7. Na3 Be7 8. Nd5
Nf6 9. Nxf6+ Bxf6 10. Nc4 Be7 11. Be3 b5 12. Nb6 Rb8 13. Nxc8 Qxc8 14. Be2 O-O
15. O-O a5 16. c3 Nd8 17. Qd5 Ne6 18. Rfd1 Qb7 19. Qxb7 Rxb7 20. Rd5 Rfb8 21. f3
g6 22. Bf1 Kg7 23. Kf2 h5 24. Ke1 Nc7 25. Rdd1 Rd8 26. a4 bxa4 27. Bc1 Ne6 28.
Rxa4 Bh4+ 29. Ke2 Rb5 30. Kd2 Rc5 31. Kc2 Bf2 32. Rd5 Nd4+ 33. Kb1 Rxd5 34. exd5
Nb3 35. Bc4 Nxc1 36. Kxc1 Bb6 37. Kc2 f5 38. Bd3 Rc8 39. Rc4 Rxc4 40. Bxc4 e4
41. fxe4 fxe4 42. Kd2 Kf6 43. Ke2 Ke5 44. g3 Bg1 45. h3 g5 46. Bb3 Bc5 47. Ba2
a4 48. Bc4 a3 49. bxa3 Bxa3 50. Bb3 h4 51. gxh4 gxh4 52. c4 Kd4 53. Ba2 Bc1 54.
Bb1 Bf4 55. Bc2 Bg5 56. Ba4 Kxc4 57. Bc6 Kd4 58. Bb7 Ke5 59. Bc6 1/2-1/2

[Event "O2C Doeberl Cup 2014"]
[Site "Canberra AUS"]
[Date "2014.04.17"]
[Round "1.7"]
[White "Illingworth, Max"]
[Black "Broekhuyse, Paul"]
[Result "1-0"]
[WhiteTitle "IM"]
[WhiteElo "2447"]
[BlackElo "2069"]
[WhiteFideId "3205207"]
[BlackFideId "3202925"]
[EventDate "2014.04.17"]

1. d4 d5 2. Nf3 Nf6 3. g3 g6 4. c4 c6 5. Bg2 Bg7 6. b3 O-O 7. Bb2 Nbd7 8. O-O
Ne4 9. e3 Qa5 10. Qe2 Ndf6 11. Ne5 Be6 12. f3 Nd6 13. c5 Nde8 14. Nd3 Rd8 15. b4
Qc7 16. Nd2 Bc8 17. a4 Nd7 18. e4 dxe4 19. fxe4 Nb8 20. Qe3 Nf6 21. h3 Kh8 22.
g4 Kg8 23. Rf2 h5 24. e5 hxg4 25. exf6 exf6 26. hxg4 Bxg4 27. Re1 f5 28. Nc4 Nd7
29. Nd6 Nf6 30. Ne5 Bh5 31. Qb3 Ng4 32. Nxg4 Bxg4 33. d5 Bxb2 34. Qxb2 cxd5 35.
Qf6 d4 36. Bd5 d3 37. Qxg6+ 1-0

[Event "O2C Doeberl Cup 2014"]
[Site "Canberra AUS"]
[Date "2014.04.17"]
[Round "1.8"]
[White "Muller, Jonas"]
[Black "Ly, Moulthun"]
[Result "1/2-1/2"]
[WhiteTitle "CM"]
[BlackTitle "IM"]
[WhiteElo "2062"]
[BlackElo "2440"]
[WhiteFideId "3204960"]
[BlackFideId "3204405"]
[EventDate "2014.04.17"]

1. e4 c5 2. Nf3 e6 3. d4 cxd4 4. Nxd4 Nc6 5. Nb5 d6 6. Bf4 e5 7. Be3 a6 8. N5c3
Nf6 9. Bg5 Be7 10. Nd2 Be6 11. Bxf6 Bxf6 12. Nc4 Nd4 13. Ne3 Rc8 14. Bd3 Bg5 15.
Ncd5 g6 16. c3 Nc6 17. O-O O-O 18. g3 Kh8 19. f4 exf4 20. gxf4 Bh6 21. Kh1 Bxd5
22. Nxd5 Ne7 23. Bc2 Nxd5 24. Qxd5 Qh4 25. Qd4+ Kg8 26. Qf2 Qe7 27. Rae1 Rc5 28.
Bb3 Rh5 29. f5 Bg5 30. Qg2 Kh8 31. fxg6 hxg6 32. Rf3 Kg7 33. Rh3 Rxh3 34. Qxh3
Bf4 35. Qg4 Qe5 36. h3 f5 37. Qf3 Rh8 38. Rf1 Rh4 39. exf5 Qxf5 40. Kg2 Kh6 41.
Re1 Be5 42. Qxf5 gxf5 43. Rf1 Kg6 44. Be6 Rh5 45. Bc8 b6 46. Bxa6 Kf6 47. Be2
Rg5+ 48. Kh1 d5 49. Rd1 Rg3 50. Rd3 f4 51. Rxg3 fxg3 52. Kg2 d4 1/2-1/2

[Event "O2C Doeberl Cup 2014"]
[Site "Canberra AUS"]
[Date "2014.04.17"]
[Round "1.9"]
[White "Cheng, Bobby"]
[Black "Loh, Zachary"]
[Result "1-0"]
[WhiteTitle "IM"]
[WhiteElo "2438"]
[BlackElo "2062"]
[WhiteFideId "4300033"]
[BlackFideId "3210383"]
[EventDate "2014.04.17"]

1. e4 c5 2. Nf3 d6 3. c3 Nf6 4. Be2 g6 5. O-O Bg7 6. Re1 O-O 7. Bf1 Nc6 8. h3
Qb6 9. b3 Ne8 10. Bb2 Ne5 11. Na3 Be6 12. Ng5 c4 13. Re3 Rc8 14. f4 Nd3 15. Bxd3
cxd3 16. Nxe6 fxe6 17. Qg4 Kh8 18. Qxe6 Nc7 19. Qg4 d5 20. Kh1 dxe4 21. Rxe4 Qf2
22. Rxe7 Qxd2 23. Nc4 Qxf4 24. Qxf4 Rxf4 25. Rd1 b5 26. Nd6 Rcf8 27. Rxd3 Rf1+
28. Kh2 b4 29. Nc4 bxc3 30. Bxc3 Bxc3 31. Rxc7 Bf6 32. Rdd7 h5 33. Rh7+ Kg8 34.
Rh6 Bd4 35. Rxg6+ Kh8 36. Rh6+ Kg8 37. Rxh5 Bg1+ 38. Kg3 Bf2+ 39. Kg4 Be1 40.
Rg5+ Kh8 41. Kh5 R1f4 42. g3 R4f6 43. Ne5 1-0

[Event "O2C Doeberl Cup 2014"]
[Site "Canberra AUS"]
[Date "2014.04.17"]
[Round "1.10"]
[White "Jones, Brian"]
[Black "Tao, Trevor"]
[Result "0-1"]
[WhiteTitle "FM"]
[BlackTitle "IM"]
[WhiteElo "2043"]
[BlackElo "2430"]
[WhiteFideId "3200663"]
[BlackFideId "3201961"]
[EventDate "2014.04.17"]

1. d4 f5 2. Qd3 e6 3. g4 fxg4 4. h3 g3 5. fxg3 d5 6. Bg2 Bd6 7. Nc3 Nc6 8. Nb5
Nf6 9. Nxd6+ Qxd6 10. Bf4 Qb4+ 11. c3 Qxb2 12. Rb1 Qxa2 13. Nf3 O-O 14. O-O Qa3
15. Nd2 b6 16. g4 Bb7 17. Bxc7 Rac8 18. Bg3 Na5 19. Qe3 Qe7 20. Ra1 Nd7 21.
Rxf8+ Nxf8 22. Kh2 Qd7 23. Rf1 Ng6 24. h4 Rf8 25. h5 Rxf1 26. Bxf1 Ne7 27. Qf4
Nc4 28. Nf3 h6 29. e3 Nc6 30. g5 Qf7 31. Bxc4 Qxh5+ 32. Bh4 dxc4 33. gxh6 Qxh6
34. Ng5 Qf6 35. Qxf6 gxf6 36. Ne4 f5 37. Nd6 Na5 38. Kg3 Bd5 39. Kf4 Nc6 40. Be1
Kg7 41. Kg5 Nb8 42. Nc8 Nc6 43. Nd6 a5 44. Nb5 Nd8 45. Bg3 Nf7+ 46. Kh4 Bc6 47.
Na3 b5 48. Bc7 a4 49. Ba5 Kf6 50. Bb4 e5 51. Nc2 Ke6 52. Kg3 Bd7 53. Kf2 Kd5 54.
Ke2 Ke4 55. dxe5 Nxe5 56. Nd4 Nd3 57. Ba3 f4 58. exf4 b4 0-1

[Event "O2C Doeberl Cup 2014"]
[Site "Canberra AUS"]
[Date "2014.04.17"]
[Round "1.11"]
[White "Johansen, Darryl K."]
[Black "Mallari, Donato"]
[Result "1-0"]
[WhiteTitle "GM"]
[WhiteElo "2400"]
[BlackElo "2033"]
[WhiteFideId "3200035"]
[BlackFideId "3215423"]
[EventDate "2014.04.17"]

1. c4 Nf6 2. Nc3 e6 3. e4 d6 4. d4 c6 5. Bd3 Nbd7 6. Nf3 e5 7. O-O Be7 8. Rb1
O-O 9. b4 Re8 10. a3 Bf8 11. Bc2 h6 12. Re1 Qc7 13. Bb2 g5 14. Bb3 a6 15. Rc1
Rd8 16. h3 Ne8 17. Qe2 Ng7 18. dxe5 dxe5 19. c5 Re8 20. Qc4 Nf6 21. Na4 Be6 22.
Qc2 Bxb3 23. Qxb3 Re6 24. Nb6 Rd8 25. Rcd1 Rxd1 26. Rxd1 Nxe4 27. Rd7 Qb8 28.
Bxe5 Qe8 29. Bxg7 Kxg7 30. Rxb7 Kg6 31. Qd3 Kg7 32. Nc4 Kg8 33. Qd7 Qxd7 34.
Rxd7 Nc3 35. Kf1 Nb5 36. a4 Nc3 37. Nd4 Re4 38. f3 Rf4 39. g3 Rf6 40. Rc7 Nxa4
41. Rxc6 Rxc6 42. Nxc6 Bxc5 43. bxc5 Nxc5 44. Ke2 Kg7 45. Ke3 f5 46. Kd4 Nd7 47.
N4e5 Nf8 48. Kd5 h5 49. Kd6 g4 50. fxg4 fxg4 51. h4 Kf6 52. Kd5 Kf5 53. Nc4 Ng6
54. Nd4+ Kf6 55. Ke4 Ne7 56. Ne3 Ng8 57. Nd5+ Kg6 58. Nc6 Nh6 59. Nf4+ Kf6 60.
Nxh5+ Kg6 61. Nf4+ Kf6 62. Nd5+ Ke6 63. Nd4+ Kf7 64. Nb3 Kg6 65. Nb4 1-0

[Event "O2C Doeberl Cup 2014"]
[Site "Canberra AUS"]
[Date "2014.04.17"]
[Round "1.12"]
[White "Prasad, Calvin"]
[Black "Izzat, Kanan"]
[Result "0-1"]
[WhiteTitle "CM"]
[BlackTitle "FM"]
[WhiteElo "2026"]
[BlackElo "2383"]
[WhiteFideId "11400072"]
[BlackFideId "13405209"]
[EventDate "2014.04.17"]

1. d4 Nf6 2. c4 g6 3. Nc3 d5 4. cxd5 Nxd5 5. e4 Nxc3 6. bxc3 Bg7 7. Qa4+ Nd7 8.
Be3 O-O 9. Rc1 c5 10. Nf3 a6 11. Qb3 b5 12. Be2 Bb7 13. d5 Nf6 14. Nd2 c4 15.
Qb1 Qd7 16. O-O Rab8 17. Nf3 e6 18. Bf4 Rbd8 19. Ne5 Qc8 20. dxe6 Qxe6 21. Bf3
g5 22. Bg3 g4 23. Be2 Nxe4 24. Bxc4 bxc4 25. Qxb7 Nxg3 26. Rfe1 Bxe5 27. hxg3
Rd2 28. Qe4 Re8 29. Qe3 Rd5 30. Rb1 Bf6 31. Qxe6 Rxe6 32. Rb8+ Kg7 33. Rxe6 fxe6
34. Rc8 Bxc3 35. Rxc4 Bd4 36. Rc6 Ra5 37. Rxe6 Rxa2 38. Re4 Bxf2+ 39. Kh2 h5 40.
Rf4 Kg6 41. Rf8 Re2 42. Rf4 Be1 43. Rf1 Re7 44. Rxe1 Ra7 45. Ra1 a5 46. Ra4 Kf5
47. Kg1 Ke5 48. Kf2 Kd5 49. Ke3 Kc5 50. Kd3 Kb5 51. Rf4 Rc7 52. Rf5+ Rc5 53. Rf8
Kb4 54. Rf4+ Kb3 55. Rf8 Rc3+ 56. Ke2 Rxg3 57. Kf2 Rc3 58. Rf5 a4 59. Rb5+ Kc2
60. Rxh5 a3 0-1

[Event "O2C Doeberl Cup 2014"]
[Site "Canberra AUS"]
[Date "2014.04.17"]
[Round "1.13"]
[White "Morris, James"]
[Black "Guo, Emma"]
[Result "1/2-1/2"]
[WhiteTitle "IM"]
[BlackTitle "WIM"]
[WhiteElo "2377"]
[BlackElo "2022"]
[WhiteFideId "3205800"]
[BlackFideId "3200795"]
[EventDate "2014.04.17"]

1. c4 c5 2. Nc3 Nc6 3. g3 g6 4. Bg2 Bg7 5. a3 Nf6 6. Rb1 a5 7. d3 O-O 8. h4 h5
9. Nh3 Rb8 10. Nf4 d6 11. Bd2 Bd7 12. O-O Qc8 13. Nb5 b6 14. Bc3 Ne5 15. a4 Nc6
16. b3 Nb4 17. e3 Ne8 18. d4 e5 19. Nd5 Nxd5 20. Bxd5 Bh3 21. Re1 Qd7 22. dxe5
dxe5 23. Bg2 Qe6 24. Qd5 Qxd5 25. Bxd5 Bd7 26. Rbd1 Bxb5 27. cxb5 Nc7 28. Bc4
Rfd8 29. e4 Kf8 30. Kf1 Ke7 31. Ke2 Ne6 32. Bxe6 Kxe6 33. Rxd8 Rxd8 34. Rd1 Rxd1
35. Kxd1 Bh6 36. Ke2 f5 37. f3 fxe4 38. fxe4 Kd6 39. Kf3 Bc1 40. g4 Ke6 41. Be1
Bf4 42. Bf2 Kd6 43. gxh5 gxh5 44. Ke2 Kd7 45. Kd3 Kd6 46. Kc4 Bd2 47. Kd3 Bf4
48. Be1 Bh6 49. Kc4 Be3 50. Bg3 Bd2 51. Bf2 Bf4 52. Be1 1/2-1/2

[Event "O2C Doeberl Cup 2014"]
[Site "Canberra AUS"]
[Date "2014.04.17"]
[Round "1.14"]
[White "Carolin-Unkovich, George"]
[Black "Solomon, Stephen J."]
[Result "0-1"]
[BlackTitle "IM"]
[WhiteElo "1777"]
[BlackElo "2369"]
[WhiteFideId "3218546"]
[BlackFideId "3200043"]
[EventDate "2014.04.17"]

1. e4 c5 2. d4 cxd4 3. c3 dxc3 4. Nxc3 Nc6 5. Nf3 d6 6. Bc4 a6 7. O-O Nf6 8. Bf4
Bg4 9. h3 Bxf3 10. Qxf3 e6 11. Rfd1 Qb8 12. g4 Be7 13. Qg3 Ne5 14. Bxe5 dxe5 15.
g5 Nh5 16. Qd3 O-O 17. h4 Nf4 18. Qe3 Qc7 19. Bb3 Bc5 20. Qf3 Rad8 21. Ne2 Nxe2+
22. Qxe2 Bd4 23. Rac1 Qe7 24. Kg2 f6 25. g6 hxg6 26. Qg4 f5 27. exf5 gxf5 28.
Qg5 Rf6 29. f4 Kh7 30. h5 exf4 31. Re1 Be3 0-1

[Event "O2C Doeberl Cup 2014"]
[Site "Canberra AUS"]
[Date "2014.04.17"]
[Round "1.15"]
[White "Lane, Gary W."]
[Black "Stead, Kerry"]
[Result "1-0"]
[WhiteTitle "IM"]
[WhiteElo "2362"]
[BlackElo "2013"]
[WhiteFideId "3203301"]
[BlackFideId "3202577"]
[EventDate "2014.04.17"]

1. e4 e5 2. Nf3 Nc6 3. Bb5 a6 4. Ba4 Nf6 5. O-O b5 6. Bb3 Bb7 7. Re1 Bc5 8. c3
Bb6 9. d4 d6 10. Be3 O-O 11. Nbd2 Qe7 12. Nh4 Bc8 13. Nf5 Bxf5 14. exf5 h6 15.
Qf3 Na5 16. Bc2 Nc4 17. Nxc4 bxc4 18. Qg3 Kh8 19. dxe5 dxe5 20. Bxb6 cxb6 21.
Qxe5 Qxe5 22. Rxe5 Rad8 23. Rae1 Rd2 24. R1e2 Rfd8 25. h3 R2d7 26. Kf1 Kg8 27.
Re7 Kf8 28. Rxd7 Nxd7 29. Rd2 Ke7 30. Ke2 Rc8 31. g4 Rc5 32. f4 b5 33. g5 Rc6
34. f6+ gxf6 35. gxh6 Rc5 36. h7 Rh5 37. Rd5 Rh6 38. Bf5 Nf8 39. Rc5 Nxh7 40.
Rc7+ Kf8 41. Ra7 Kg8 42. Rxa6 Nf8 43. Rb6 Ne6 44. Kf3 Nc7 45. Rb7 Rh5 46. Kg4 1-0

[Event "O2C Doeberl Cup 2014"]
[Site "Canberra AUS"]
[Date "2014.04.17"]
[Round "1.16"]
[White "Vlietstra, Marc"]
[Black "Dive, Russell John"]
[Result "0-1"]
[BlackTitle "IM"]
[WhiteElo "2011"]
[BlackElo "2357"]
[WhiteFideId "3203433"]
[BlackFideId "4300106"]
[EventDate "2014.04.17"]

1. e4 c6 2. d4 d5 3. e5 Bf5 4. c4 e6 5. Nc3 Ne7 6. Nf3 Nd7 7. Be3 dxc4 8. Bxc4
Nb6 9. Bb3 h6 10. O-O Bg6 11. Nh4 Bh7 12. f4 Ned5 13. Nxd5 Nxd5 14. Bxd5 Qxd5
15. Qf3 Be4 16. Qf2 Be7 17. g4 O-O-O 18. a3 g5 19. Ng2 Rdg8 20. f5 h5 21. f6 Bd8
22. Bd2 Bxg2 23. Qxg2 Qxd4+ 24. Qf2 Bb6 25. Kg2 Qd5+ 0-1

[Event "O2C Doeberl Cup 2014"]
[Site "Canberra AUS"]
[Date "2014.04.17"]
[Round "1.17"]
[White "Smirnov, Anton"]
[Black "Stawski, Nikolai"]
[Result "1-0"]
[WhiteTitle "FM"]
[BlackTitle "FM"]
[WhiteElo "2344"]
[BlackElo "2000"]
[WhiteFideId "3208923"]
[BlackFideId "3202313"]
[EventDate "2014.04.17"]

1. e4 c5 2. Nf3 Nc6 3. d4 cxd4 4. Nxd4 Qb6 5. Nb3 Nf6 6. Nc3 e6 7. Bd3 a6 8. O-O
d6 9. Be3 Qc7 10. f4 b5 11. a3 Be7 12. Qf3 Bb7 13. Rae1 Nd7 14. Qf2 O-O 15. a4
b4 16. Ne2 Bf6 17. Ned4 e5 18. Nf5 exf4 19. Bxf4 Nce5 20. Kh1 Nb6 21. a5 Nbc4
22. Bxc4 Nxc4 23. Qg3 Ne5 24. Nbd4 Rfe8 25. b3 Rad8 26. Bd2 Qc5 27. Nh6+ Kf8 28.
Rxf6 Qxd4 29. Nf5 Ng6 30. Nxd4 gxf6 31. Bh6+ Kg8 32. Qf3 1-0

[Event "O2C Doeberl Cup 2014"]
[Site "Canberra AUS"]
[Date "2014.04.17"]
[Round "1.18"]
[White "Kuan, Julian"]
[Black "Ikeda, Junta"]
[Result "0-1"]
[BlackTitle "FM"]
[WhiteElo "1996"]
[BlackElo "2338"]
[WhiteFideId "6001025"]
[BlackFideId "3204731"]
[EventDate "2014.04.17"]

1. e4 c5 2. Nf3 e6 3. d4 cxd4 4. Nxd4 a6 5. Bd3 Bc5 6. Nb3 Be7 7. O-O d6 8. Qe2
Nf6 9. c4 Qc7 10. Nc3 Nc6 11. f4 b6 12. Bd2 Nd7 13. Rae1 Nc5 14. Nxc5 bxc5 15.
e5 Bb7 16. exd6 Qxd6 17. Ne4 Qd7 18. Bc3 Nd4 19. Qe3 Rd8 20. Bb1 Qc6 21. Qf2 f5
22. Ng5 O-O 23. Nf3 Nxf3+ 24. Qxf3 Qxf3 25. gxf3 Kf7 26. Re3 Rfe8 27. Rfe1 Bd6
28. Be5 Bxe5 29. Rxe5 Bxf3 30. Kf2 Bh5 31. Rxc5 Rd2+ 32. Kg3 Rxb2 33. Rc7+ Kf6
34. Rc6 a5 35. Ra6 h6 36. c5 g5 37. c6 Be2 38. Rxa5 Rg8 39. c7 gxf4+ 40. Kxf4
e5+ 41. Ke3 f4+ 42. Ke4 Rb4+ 43. Kd5 f3 44. Rc1 Rd4+ 45. Kc6 f2 46. Kb7 Rb4+ 47.
Ka7 Bf3 48. Ra6+ Ke7 49. c8=Q Rxc8 50. Rxc8 Rb7+ 51. Ka8 Rxb1+ 52. Ka7 Rb7+ 53.
Ka8 Rd7+ 0-1

[Event "O2C Doeberl Cup 2014"]
[Site "Canberra AUS"]
[Date "2014.04.17"]
[Round "1.19"]
[White "Li, Zuhao Luke"]
[Black "Stones, Rebecca"]
[Result "1-0"]
[WhiteTitle "FM"]
[WhiteElo "2326"]
[BlackElo "1993"]
[WhiteFideId "4303431"]
[BlackFideId "3208281"]
[EventDate "2014.04.17"]

1. d4 e6 2. c4 d5 3. Nc3 c6 4. e4 dxe4 5. Nxe4 Bb4+ 6. Bd2 Qxd4 7. Bxb4 Qxe4+ 8.
Be2 Na6 9. Bd6 Ne7 10. Nf3 Nf5 11. O-O Bd7 12. Bd3 Qg4 13. h3 Qg6 14. c5 O-O-O
15. Nh4 Qg5 16. Nxf5 exf5 17. Qa4 Nc7 18. Qa5 Ne8 19. Qxa7 Nc7 20. Ba6 1-0

[Event "O2C Doeberl Cup 2014"]
[Site "Canberra AUS"]
[Date "2014.04.17"]
[Round "1.20"]
[White "Yu, Derek"]
[Black "Van Ruitenburg, Joost"]
[Result "0-1"]
[BlackTitle "FM"]
[WhiteElo "1991"]
[BlackElo "2326"]
[WhiteFideId "3206203"]
[BlackFideId "1010000"]
[EventDate "2014.04.17"]

1. e4 e5 2. Nf3 Nc6 3. Bb5 f5 4. Nc3 fxe4 5. Nxe4 Nf6 6. Nxf6+ Qxf6 7. Qe2 Be7
8. Bxc6 bxc6 9. Nxe5 O-O 10. O-O Qe6 11. Re1 Bc5 12. Nf3 Qg6 13. d4 Bb6 14. b3
d6 15. Qc4+ Kh8 16. Re3 Bg4 17. Qxc6 Bxf3 18. Rxf3 Bxd4 19. Rb1 Bc5 20. Be3 Qxc2
21. Rc1 Qb2 22. Rf1 Qxa2 23. Bxc5 Qc2 24. Rxf8+ Rxf8 25. b4 dxc5 26. bxc5 a5 27.
Qxc7 a4 28. Qa7 h6 29. h3 Kh7 30. Qa6 Rf6 31. Qa5 Rf5 32. Qb4 Rxc5 33. Ra1 Rc4
34. Qa5 Rd4 35. Qe5 Rd1+ 36. Kh2 Rd2 37. Rc1 Qg6 38. Qa5 Rxf2 39. Qa8 Rd2 40.
Kh1 a3 41. Rc8 Rd1+ 42. Kh2 Qd6+ 0-1

[Event "O2C Doeberl Cup 2014"]
[Site "Canberra AUS"]
[Date "2014.04.17"]
[Round "1.30"]
[White "Taylor, Leon"]
[Black "Mungunkhuu, Mijgee"]
[Result "0-1"]
[WhiteElo "1908"]
[BlackElo "2215"]
[WhiteFideId "3204138"]
[BlackFideId "4900863"]
[EventDate "2014.04.17"]

1. e4 d6 2. d4 Nd7 3. Nc3 c6 4. Nf3 e5 5. Bc4 Be7 6. a4 Ngf6 7. dxe5 dxe5 8. O-O
O-O 9. Qe2 Qc7 10. h3 h6 11. Nh4 Nc5 12. Nf5 Be6 13. b4 Bxf5 14. exf5 Ncd7 15.
Rb1 a5 16. b5 Nb6 17. Ba2 Bb4 18. Ne4 Be7 19. Nxf6+ Bxf6 20. bxc6 Qxc6 21. Qg4
Nxa4 22. Bxh6 Nc3 23. Rb3 Kh7 24. Rxc3 Qxc3 25. Bxg7 Bxg7 26. f6 Bxf6 27. Qf5+
Kg7 28. Qg4+ Kh8 29. Qh5+ Kg8 30. Qg6+ Bg7 31. h4 Ra6 32. Qf5 Rf6 33. Qg5 Rd8
34. h5 Rdd6 35. f4 Rxf4 36. h6 Qe3+ 0-1

[Event "O2C Doeberl Cup 2014"]
[Site "Canberra AUS"]
[Date "2014.04.17"]
[Round "1.37"]
[White "Stojic, Dusan"]
[Black "Hain, Anthony"]
[Result "1-0"]
[WhiteTitle "FM"]
[WhiteElo "2173"]
[BlackElo "1867"]
[WhiteFideId "3203689"]
[BlackFideId "3214419"]
[EventDate "2014.04.17"]

1. Nf3 c5 2. e4 d6 3. d4 cxd4 4. Nxd4 Nf6 5. Nc3 a6 6. Bg5 e6 7. f4 Nbd7 8. Qf3
Qc7 9. O-O-O b5 10. Bd3 Bb7 11. Rhe1 Be7 12. a3 Rc8 13. Qg3 Qa5 14. e5 Rxc3 15.
exf6 gxf6 16. Bh6 d5 17. Nb3 Rxb3 18. cxb3 f5 19. Bxf5 exf5 20. Qg7 Rf8 21. Bg5
Qc7+ 22. Kb1 Qd6 23. Rxe7+ Qxe7 24. Bxe7 Kxe7 25. Re1+ Kd6 26. Qh6+ Kc7 27. Rc1+ 1-0

[Event "O2C Doeberl Cup 2014"]
[Site "Canberra AUS"]
[Date "2014.04.17"]
[Round "2.2"]
[White "Van Wely, Loek"]
[Black "Dragicevic, Domagoj"]
[Result "1-0"]
[WhiteTitle "GM"]
[BlackTitle "FM"]
[WhiteElo "2685"]
[BlackElo "2221"]
[WhiteFideId "1000268"]
[BlackFideId "3203328"]
[EventDate "2014.04.17"]

1. d4 Nf6 2. c4 g6 3. Nf3 Bg7 4. g3 O-O 5. Bg2 d5 6. O-O dxc4 7. Na3 c3 8. bxc3
c5 9. Re1 Nd5 10. Bb2 Nb6 11. e4 Nc6 12. h3 Na5 13. Bf1 Bd7 14. Rc1 a6 15. Ba1
Na4 16. Nc2 b5 17. Ne3 Rc8 18. Qd2 Nb6 19. Ng4 Nac4 20. Qf4 Bxg4 21. hxg4 e5 22.
Nxe5 Nxe5 23. dxe5 c4 24. Qe3 Bxe5 25. Rcd1 Qc7 26. f4 Bg7 27. e5 Rfe8 28. Bb2
Bf8 29. Kh2 Na4 30. Bc1 Bc5 31. Qf3 Qc6 32. Qxc6 Rxc6 33. Rd7 Rce6 34. Bd2 R6e7
35. Rd5 Ba3 36. f5 Nb6 37. Rd4 Rxe5 38. Rxe5 Rxe5 39. Bg2 Re7 40. Bg5 Re8 41.
Bc6 Re2+ 42. Kh3 h6 43. Bxh6 Bc5 44. Rd8+ Kh7 45. Bf4 Bg1 46. Bg2 Re7 47. Bg5
Rd7 48. Re8 Kg7 49. f6+ Kh7 50. Re7 Bc5 51. Bc6 Rxe7 52. fxe7 Bxe7 53. Bxe7 Na4
54. Bb4 1-0

[Event "O2C Doeberl Cup 2014"]
[Site "Canberra AUS"]
[Date "2014.04.17"]
[Round "2.3"]
[White "Mungunkhuu, Mijgee"]
[Black "Melkumyan, Hrant"]
[Result "0-1"]
[BlackTitle "GM"]
[WhiteElo "2215"]
[BlackElo "2633"]
[WhiteFideId "4900863"]
[BlackFideId "13302485"]
[EventDate "2014.04.17"]

1. c4 Nf6 2. Nc3 c5 3. d3 Nc6 4. Bg5 e6 5. Bxf6 Qxf6 6. Nf3 g6 7. g3 Bg7 8. Bg2
d6 9. O-O O-O 10. Rb1 Bd7 11. a3 Qe7 12. Qd2 Rad8 13. b4 b6 14. Qc2 Rc8 15. b5
Nd4 16. Nxd4 cxd4 17. Na2 d5 18. Qb3 dxc4 19. dxc4 Qc5 20. Rbc1 Bh6 21. a4 Bxc1
22. Rxc1 Rfd8 23. Nb4 Be8 24. Bb7 Rc7 25. Na6 Qg5 26. f4 Qe7 27. Nxc7 Qxc7 28.
Bf3 Qc5 29. Kg2 f6 30. Rd1 Bf7 31. e3 e5 32. exd4 exd4 33. Be2 Re8 34. Bf1 Re3
35. Qb2 Rc3 36. Qf2 Re3 37. Qd2 Re4 38. Bd3 Re8 39. Bf1 Rd8 40. Qd3 Qb4 41. Qc2
Kg7 42. h4 Rd7 43. Bd3 Re7 44. Bf1 Rd7 45. Bd3 Rc7 46. Rc1 Re7 47. Rb1 Qa3 48.
Qb3 Qd6 49. Rd1 Re3 50. Qb2 Qc5 51. Rd2 Be6 52. Qc2 Bc8 53. Re2 Bb7+ 54. Kh2 Ba8
55. Rxe3 dxe3 56. Be2 Qe7 57. Bd3 Qb7 58. g4 Qh1+ 59. Kg3 Qg1+ 60. Kh3 Bf3 0-1